000 00517nam a2200205Ia 4500
003 OSt
005 20250923161930.0
008 210210b2005 xxu||||| |||| 00| 0 eng d
020 _a075066357X
040 _cAL
041 _aeng
082 _a371.3 MALB
100 _aSamuel A Malone
_9240294
245 _aBetter exam results
_b: guide for accountancy and business students
260 _aAmsterdam
_bElseveir
_c2005
300 _axi,125p
690 _aEducation
_9240304
906 _a066240
942 _2ddc
_cBK
999 _c147524
_d147524